000 00288nam a22001337a 4500
008 170201b xxu||||| |||| 00| 0 eng d
020 _a0471082538
041 _aeng
080 _a61
100 _a3
101 _aSHM
245 _aHEALTH POLITICS AND POLICY
_cLITMAN .J
942 _2udc
_cBK
999 _c4216
_d4216